000
00197 a2200097 4500
001
32599
100
_a
Ziegler, Ph
245
_a
Mountbatten
260
_a
London
_b
collins
_c
090
_c
21815
_d
21815
942
_a
NUST-CAE
_c
_c
13131
999
_c
267672
_d
267672